| 000 | 02254nam0a2200421 4500 | ||
|---|---|---|---|
| 001 | RU\NLR\bibl\245711 | ||
| 005 | 20260406234339.0 | ||
| 021 |
_aRU _b2001-57130 _92782 |
||
| 035 | _a(NLR Aleph) 000241563 | ||
| 090 |
_a1407946 _c1407946 |
||
| 100 | _a20020320d2001 |||y0rusy50 ca | ||
| 101 | 0 | _arus | |
| 102 | _aRU | ||
| 105 | _aa ||||||||| | ||
| 200 | 1 |
_aМеждународный проект "Энергетическое обеспечение устойчивого развития человечества, кардинальное решение проблем нераспространения ядерного оружия и экологическое оздоровление планеты Земля" _e(Предложение комис. учен. совета РНЦ "Курчатов. ин-т" в поддержку инициативы Президента Рос. Федерации) |
|
| 210 |
_aМ. _cКурчатов. ин-т _d2001 |
||
| 215 |
_a118 с. _cил. _d22 |
||
| 225 | 1 |
_aПрепринт _fРос. науч. центр "Курчатов. ин-т" _vИАЭ-6213/3 |
|
| 320 | _aБиблиогр. с. 57 | ||
| 606 | 0 |
_aАтомное оружие _xНераспространение _91043137 _3RU\NLR\auth\6684023 |
|
| 606 | 0 |
_aЯдерное оружие _xНераспространение _92193802 _3RU\NLR\auth\661318604 |
|
| 606 | 0 |
_aАтомная энергетика _91040796 _3RU\NLR\auth\6682831 |
|
| 606 | 0 |
_aЯдерная энергетика _92163696 _3RU\NLR\auth\661301983 |
|
| 606 | 0 |
_aОкружающая среда _xЗагрязнение радиоактивными веществами _xГигиеническая оценка _91786743 _3RU\NLR\auth\66803690 |
|
| 610 | 0 | _aЯдерная энергетика | |
| 675 |
_a621.039 _v3 _zrus |
||
| 686 |
_a58 _2rugasnti |
||
| 686 |
_a31.4 _2rubbk |
||
| 686 | _aЦ901 | ||
| 686 | _aЗ46(0) | ||
| 686 | _aР126 | ||
| 711 | 0 | 2 |
_a"Курчатовский институт", российский научный центр _bУченый совет _3RU\NLR\AUTH\889987866 _9471370 |
| 801 | 0 |
_aRU _bRKP _c20020320 _gPSBO |
|
| 801 | 1 |
_aRU _bRKP _c20020320 |
|
| 801 | 2 |
_aRU _bNLR _c20030306 _grcr |
|
| 942 | _cBOOK | ||
| 980 | _aNB | ||